书目信息 |
| 题名: |
托弗尔·德莱尼
|
|
| 作者: | 特鲁洛夫, , 特鲁洛夫 编著 ;蔡红 , 刘晓萍 译 | |
| 分册: | 托弗尔·德莱尼 | |
| 出版信息: | 北京 中国建筑工业出版社 2002.4 |
|
| 页数: | 107页 | |
| 开本: | 23x23cm | |
| 丛书名: | 当代国外著名景观设计师作品精选 | |
| 单 册: | ||
| 中图分类: | TU238 , TU986.2 | |
| 科图分类: | ||
| 主题词: | 景观--建筑设计--世界--图集 , 景观--建筑设计--美国--图集 | |
| 电子资源: | ||
| ISBN: | 7-112-04982-2 | |
| 000 | 01112nam 2200325 450 | |
| 001 | CAL 012003110824 | |
| 005 | 20050913164345.52 | |
| 010 | @a7-112-04982-2@dCNY 56.00 | |
| 099 | @aCAL 012003110824 | |
| 100 | @a20030618d2002 em y0chiy0120 ea | |
| 101 | 1 | @achi@ceng |
| 102 | @aCN@b110000 | |
| 105 | @aa z 000yy | |
| 200 | 1 | @a托弗尔·德莱尼@Atuo fu er·de lai ni@i托弗尔·德莱尼@f(美)特鲁洛夫编著@F(mei)te lu luo fu bian zhu@g蔡红, 刘晓萍译 |
| 210 | @a北京@c中国建筑工业出版社@d2002.4 | |
| 215 | @a107页@c图@d23x23cm | |
| 225 | 2 | @a当代国外著名景观设计师作品精选 |
| 306 | @a据Rockport Publishers, Inc.公司2001年版译出 | |
| 410 | 0 | @12001 @a当代国外著名景观设计师作品精选 |
| 606 | 0 | @a景观@x建筑设计@y世界@j图集 |
| 606 | 0 | @a景观@x建筑设计@y美国@j图集 |
| 690 | @aTU238@v4 | |
| 690 | @aTU986.2@v4 | |
| 701 | 1 | @a特鲁洛夫, @ATe Lu Luo Fu ,@bJ. G.@g(Trulove, James Grayson)@4编著 |
| 701 | 0 | @a特鲁洛夫@Ate lu luo fu@4编著 |
| 702 | 0 | @a蔡红@ACai Hong@4译 |
| 702 | 0 | @a刘晓萍@ALiu Xiao Ping@4译 |
| 801 | 0 | @aCN@bSXH@c20050913 |
| 905 | @a10447@dTU238@eT400 | |
| 906 | @dCNY56.00@n0@r1 | |
| 托弗尔·德莱尼.托弗尔·德莱尼/(美)特鲁洛夫编著/蔡红, 刘晓萍译.-北京:中国建筑工业出版社,2002.4 |
| 107页:图;23x23cm.-(当代国外著名景观设计师作品精选) |
| ISBN 7-112-04982-2:CNY 56.00 |
| ● |
| 相关链接 |
|
|
|
正题名:托弗尔·德莱尼
索取号:TU238/T400
 
预约/预借
| 序号 | 登录号 | 条形码 | 馆藏地/架位号 | 状态 | 备注 |
| 1 | 551951 | 205519517 | 建筑库101/101建筑库 50排3列5层/ [索取号:TU238/T400] | 在馆 | |
| 2 | 551952 | 205519526 | 建筑库101/101建筑库 50排3列5层/ [索取号:TU238/T400] | 在馆 |